Questions of travel ; [poems].

Bibliographic Details
Main Author: Bishop, Elizabeth, 1911-1979
Format: Book
Language:English
Published: New York : Farrar, Straus and Giroux, [1965]

MARC

Tag First Indicator Second Indicator Subfields
LEADER 00000cam a2200000 4500
001 in00000033528
005 20151007061849.0
008 720411s1965 nyu 00000 eng u
010 |a  65022553  
035 |a (OCoLC)00280369 
035 |9 AAD3313AM 
040 |c WSU  |d TXA  |d UtOrBLW 
049 |a TXAM  |c [454007] 
050 0 |a PS3503.I785  |b Q4 
092 |a 811  |b B622q 
100 1 |a Bishop, Elizabeth,  |d 1911-1979. 
245 1 0 |a Questions of travel ;  |b [poems]. 
264 1 |a New York :  |b Farrar, Straus and Giroux,  |c [1965] 
300 |a 95 pages ;  |c 23 cm. 
336 |a text  |b txt  |2 rdacontent 
337 |a unmediated  |b n  |2 rdamedia 
338 |a volume  |b nc  |2 rdacarrier 
999 |a MARS 
999 f f |s 8b2f638c-38c4-3694-a460-ee3fc8c7af88  |i 336e1c72-f997-3536-a52f-62767c4cf1d2  |t 0 
952 f f |p normal  |a Texas A&M University  |b College Station  |c Sterling C. Evans Library  |d Evans: Library Stacks  |t 0  |e PS3503.I785 Q4  |h Library of Congress classification  |i unmediated -- volume  |m A14801213687 
998 f f |a PS3503.I785 Q4  |t 0  |l Evans: Library Stacks